| 000 | 00632nam a22002057a 4500 | ||
|---|---|---|---|
| 003 | OSt | ||
| 005 | 20251215025331.0 | ||
| 008 | 251215b |||||||| |||| 00| 0 eng d | ||
| 020 | _a 971-510-072-4. | ||
| 040 |
_aDWCL-Admin lib _cOC |
||
| 082 | _aFil. 261 C473 1993 | ||
| 100 | _aEilers, Franz-Josef, SVD | ||
| 245 |
_a Church and social communication: basic documents / _cFranz-Josef Eilers, SVD |
||
| 260 |
_a Manila: _bLogos Publications, _cInc. |
||
| 300 |
_a339 p. ; _c23 cm. |
||
| 504 | _aIncludes index. | ||
| 650 | _a1. Church - Social Communication. | ||
| 650 | _a2. Social Theology. | ||
| 942 |
_2ddc _cBK - FIL _kFil. _n0 |
||
| 999 |
_c7071 _d7071 |
||